000 00397nam a22001337a 4500
003 SGT
020 _a978812671385
082 _a891.4309
_bU07K
100 _aकोहली, द्रोणवीर
245 _aउम्मीद हैं, आएगा वह दिन
260 _bराजकमल प्रकाशन प्रा. लि.
_c2007
300 _a494
942 _2ddc
_cBK
999 _c29816
_d29816